[Event "London Classic op"]
[Site "London"]
[Date "2017.12.06"]
[Round "6"]
[White "Riedener, Toni"]
[Black "Siddharth, Gopakumar"]
[Result "1-0"]
[WhiteElo "1989"]
[BlackElo "1808"]
[PlyCount "51"]
[EventDate "2017.12.02"]
[EventType "swiss"]
[EventRounds "9"]
[EventCountry "ENG"]
[SourceTitle "CBM 182 Extra"]
[Source "ChessBase"]
[SourceDate "2018.02.23"]
[SourceVersion "1"]
[SourceVersionDate "2018.02.23"]
[SourceQuality "1"]

1. d4 Nf6 2. c4 c5 3. d5 e6 4. Nc3 exd5 5. cxd5 d6 6. e4 g6 7. f4 Bg7 8. e5 Nfd7 9. Nb5 dxe5 10. Nd6+ Ke7 11. Nxc8+ Qxc8 12. Nf3 Rd8 13. f5 gxf5 14. Nh4 Nf6 15. Bg5 h6 16. Qh5 Rd6 17. Bd3 e4 18. 0-0 Kf8 19. Bxf6 Rxf6 20. Nxf5 Qd7 21. Nxg7 Rxf1+ 22. Rxf1 Kxg7 23. Qe5+ Kg8 24. Qxe4 Na6 25. Qh7+ Kf8 26. Qh8+ 1-0

[Event "London Classic op 8th"]
[Site "London"]
[Date "2016.12.15"]
[Round "8"]
[White "Riedener, Toni"]
[Black "Semprun Martinez, Fernando M"]
[Result "0-1"]
[WhiteElo "2026"]
[BlackElo "2193"]
[PlyCount "54"]
[EventDate "2016.12.09"]
[EventType "swiss"]
[EventRounds "9"]
[EventCountry "ENG"]
[SourceTitle "CBM 176 Extra"]
[Source "ChessBase"]
[SourceDate "2017.03.02"]
[SourceVersion "1"]
[SourceVersionDate "2017.03.02"]
[SourceQuality "1"]

1. d4 Nf6 2. c4 c5 3. d5 e6 4. Nc3 exd5 5. cxd5 d6 6. e4 g6 7. f4 Bg7 8. e5 Nfd7 9. Ne4 dxe5 10. Nd6+ Ke7 11. Nxc8+ Qxc8 12. Nf3 Rd8 13. Ng5 Nb6 14. Qb3 Kf8 15. Be2 c4 16. Qa3+ Kg8 17. 0-0 N8d7 18. Qg3 Nxd5 19. fxe5 Nxe5 20. Qh4 h6 21. Ne4 f5 22. Nc3 Qc5+ 23. Kh1 Qe7 24. Qh3 Nxc3 25. Qxc3 b5 26. Qh3 Nd3 27. Bf3 Nf2+ 0-1

[Event "London Classic op 8th"]
[Site "London"]
[Date "2016.12.12"]
[Round "5"]
[White "Bin Suhayl, Yousuf"]
[Black "Riedener, Toni"]
[Result "0-1"]
[WhiteElo "1788"]
[BlackElo "2026"]
[PlyCount "56"]
[EventDate "2016.12.09"]
[EventType "swiss"]
[EventRounds "9"]
[EventCountry "ENG"]
[SourceTitle "CBM 176 Extra"]
[Source "ChessBase"]
[SourceDate "2017.03.02"]
[SourceVersion "1"]
[SourceVersionDate "2017.03.02"]
[SourceQuality "1"]

1. Nf3 d5 2. c4 c6 3. e3 Nf6 4. d4 a6 5. Nc3 Bf5 6. Be2 e6 7. 0-0 Nbd7 8. Nh4 Bg6 9. f4 Be4 10. Nxe4 Nxe4 11. Nf3 Bd6 12. Nd2 Nxd2 13. Bxd2 0-0 14. f5 Qh4 15. g3 Bxg3 16. hxg3 Qxg3+ 17. Kh1 Qh3+ 18. Kg1 Nf6 19. Rf3 Qg4+ 20. Kh2 Ne4 21. Be1 Ng5 22. Rg3 Qh4+ 23. Kg2 exf5 24. Bf2 Rae8 25. Qh1 Qe4+ 26. Bf3 Nxf3 27. Rxf3 g5 28. Qh6 Re6 0-1

[Event "London Classic op 8th"]
[Site "London"]
[Date "2016.12.10"]
[Round "2"]
[White "Riedener, Toni"]
[Black "Chilton, James I"]
[Result "1/2-1/2"]
[WhiteElo "2026"]
[BlackElo "1740"]
[PlyCount "96"]
[EventDate "2016.12.09"]
[EventType "swiss"]
[EventRounds "9"]
[EventCountry "ENG"]
[SourceTitle "CBM 176 Extra"]
[Source "ChessBase"]
[SourceDate "2017.03.02"]
[SourceVersion "1"]
[SourceVersionDate "2017.03.02"]
[SourceQuality "1"]

1. d4 Nf6 2. c4 e6 3. Nc3 Bb4 4. g3 0-0 5. Bg2 d5 6. Nf3 c5 7. 0-0 cxd4 8. Nxd4 e5 9. Nc2 Bxc3 10. bxc3 dxc4 11. Ba3 Qxd1 12. Rfxd1 Re8 13. Ne3 Nc6 14. Nxc4 e4 15. Nd6 Re5 16. Rab1 Nd5 17. Bb2 Nb6 18. Bxe4 Nc4 19. Bf3 Nxd6 20. Rxd6 Be6 21. Rbd1 h6 22. e3 Rb5 23. R1d2 Ne5 24. Be2 Bc4 25. Rd8+ Rxd8 26. Rxd8+ Kh7 27. Bxc4 Nxc4 28. Bc1 Rb1 29. Rd1 Nb2 30. Rf1 Nc4 31. e4 Ra1 32. Bf4 Rxa2 33. Rb1 Rb2 34. Ra1 a5 35. Bc7 b6 36. Kg2 Rb3 37. h4 Rxc3 38. Bxb6 Nxb6 39. Rxa5 Nc4 40. Ra7 Kg6 41. Ra6+ f6 42. Ra7 Nd2 43. Re7 Nf3 44. h5+ Kxh5 45. Rxg7 Ng5 46. Re7 Nf3 47. Rg7 Ng5 48. Re7 Nf3 1/2-1/2

[Event "London Classic op 8th"]
[Site "London"]
[Date "2016.12.09"]
[Round "1"]
[White "Praggnanandhaa, Rameshbabu"]
[Black "Riedener, Toni"]
[Result "1-0"]
[WhiteElo "2452"]
[BlackElo "2026"]
[PlyCount "37"]
[EventDate "2016.12.09"]
[EventType "swiss"]
[EventRounds "9"]
[EventCountry "ENG"]
[SourceTitle "CBM 176 Extra"]
[Source "ChessBase"]
[SourceDate "2017.03.02"]
[SourceVersion "1"]
[SourceVersionDate "2017.03.02"]
[SourceQuality "1"]

1. e4 c5 2. Nf3 d6 3. c3 Nf6 4. Be2 Nc6 5. d4 cxd4 6. cxd4 d5 7. e5 Ne4 8. Nc3 Qa5 9. 0-0 Nxc3 10. bxc3 Bg4 11. Rb1 b6 12. Bb5 Rc8 13. c4 e6 14. cxd5 exd5 15. Bd2 Qa3 16. Rc1 Bd7 17. e6 fxe6 18. Ne5 Qd6 19. Qa4 1-0

[Event "London Classic op 7th"]
[Site "London"]
[Date "2015.12.10"]
[Round "8"]
[White "Riedener, Toni"]
[Black "Rogiers, Jan"]
[Result "0-1"]
[WhiteElo "2005"]
[BlackElo "2145"]
[PlyCount "80"]
[EventDate "2015.12.04"]
[EventType "swiss"]
[EventRounds "9"]
[EventCountry "ENG"]
[SourceTitle "CBM 169 Extra"]
[Source "ChessBase"]
[SourceDate "2015.12.18"]
[SourceVersion "1"]
[SourceVersionDate "2015.12.18"]
[SourceQuality "1"]

1. d4 e6 2. c4 f5 3. g3 Nf6 4. Bg2 d5 5. Nh3 c6 6. 0-0 Be7 7. Nd2 0-0 8. Qc2 Ng4 9. Nf3 h6 10. Nf4 Qe8 11. h3 Nf6 12. Ne5 g5 13. Nfd3 Ne4 14. Kh2 Nd7 15. f3 Nd6 16. Bd2 Kg7 17. Rae1 Nf6 18. Nf2 Nf7 19. e4 dxe4 20. fxe4 Nxe5 21. dxe5 Nh5 22. exf5 exf5 23. g4 Nf4 24. Bxf4 gxf4 25. gxf5 Bxf5 26. Be4 Qh5 27. Rg1+ Kh8 28. Bxf5 Rxf5 29. Qe2 f3 30. Qe4 Bc5 31. Ref1 Rxe5 32. Qg4 Qxg4 33. Rxg4 Re2 34. Kg3 Rf8 35. Ne4 Rg2+ 36. Kh4 Be7+ 37. Kh5 Kh7 38. Rxg2 fxg2 39. Rg1 Rf4 40. Rxg2 Rh4# 0-1

[Event "London Classic op 7th"]
[Site "London"]
[Date "2015.12.05"]
[Round "2"]
[White "Riedener, Toni"]
[Black "Jackson, James P"]
[Result "0-1"]
[WhiteElo "2005"]
[BlackElo "2355"]
[PlyCount "68"]
[EventDate "2015.12.04"]
[EventType "swiss"]
[EventRounds "9"]
[EventCountry "ENG"]
[SourceTitle "CBM 169 Extra"]
[Source "ChessBase"]
[SourceDate "2015.12.18"]
[SourceVersion "1"]
[SourceVersionDate "2015.12.18"]
[SourceQuality "1"]

1. d4 Nf6 2. c4 c5 3. d5 e6 4. Nc3 exd5 5. cxd5 d6 6. e4 g6 7. f4 Bg7 8. e5 Nfd7 9. Nb5 dxe5 10. Nd6+ Ke7 11. Nxc8+ Qxc8 12. Nf3 Re8 13. f5 Kf8 14. Ng5 e4 15. Be2 Bd4 16. fxg6 hxg6 17. Rf1 Ne5 18. Nxe4 Nbd7 19. Nd6 Qc7 20. Nxe8 Rxe8 21. Bh6+ Kg8 22. Qc2 Ng4 23. Bf4 Qa5+ 24. Qd2 Qb6 25. 0-0-0 Ne3 26. Rf3 Nxd1 27. Bxd1 Ne5 28. Rb3 Qd6 29. Bxe5 Qxe5 30. Qd3 Qxd5 31. Bf3 Qg5+ 32. Kc2 Re1 33. Rxb7 Qc1+ 34. Kb3 Re3 0-1

[Event "SUI-ch HT"]
[Site "Bern"]
[Date "2014.09.29"]
[Round "4"]
[White "Benkovic, Petar"]
[Black "Riedener, Toni"]
[Result "1/2-1/2"]
[WhiteElo "2412"]
[BlackElo "2048"]
[PlyCount "67"]
[EventDate "2014.09.27"]
[EventType "swiss"]
[EventRounds "9"]
[EventCountry "SUI"]
[SourceTitle "EXT 2016"]
[Source "ChessBase"]
[SourceDate "2015.10.08"]
[SourceVersion "1"]
[SourceVersionDate "2015.10.08"]
[SourceQuality "1"]

1. Nf3 d5 2. d4 c6 3. c4 Nf6 4. Nc3 a6 5. a4 e6 6. Bg5 a5 7. e3 Be7 8. Bd3 Na6 9. cxd5 exd5 10. h3 Nb4 11. Bb1 b6 12. 0-0 0-0 13. Bf4 Bb7 14. Re1 Re8 15. Ne5 Rc8 16. Bf5 Ra8 17. Rc1 g6 18. Bb1 Nd7 19. Qd2 Nxe5 20. Bxe5 f6 21. Bg3 f5 22. Be5 Qd7 23. f4 Ba6 24. Kh2 Kf7 25. Rcd1 Qe6 26. Ne2 Bc4 27. Nc1 Rac8 28. b3 Ba6 29. Ne2 Bxe2 30. Qxe2 h5 31. g4 hxg4 32. hxg4 Bf6 33. Kg2 Rh8 34. Rh1 1/2-1/2